Statistics for The 10 Most Populated Aftican Capitals - Map Quiz

Click here to take the quiz!

General Stats

  • This quiz has been taken 35 times
  • The average score is 4 of 10

Answers on the Map

Answers color-coded by a green-red scale on the quiz's map according to % correct below.
 

Answer Stats

Answer% Correct
Algiers
85%
Cairo
81%
Nairobi
62%
Kinshasa
58%
Yaoundé
31%
Luanda
27%
Brazzaville
19%
Pretoria
15%
Rabat
15%
Khartoum
12%

Score Distribution

Percentile by Number Answered

Percent of People with Each Score

Your Score History

You have not taken this quiz